[Event "FRA-chT3 Gr12 0304"]
[Site "Loire"]
[Date "2004.04.04"]
[Round "7.8"]
[White "Vernet, Renaud"]
[Black "L'Hermitte, Samuel"]
[Result "1-0"]
[WhiteElo "1499"]
[BlackElo "1400"]
[PlyCount "97"]
[EventDate "2003.10.12"]
[EventType "team"]
[EventRounds "9"]
[EventCountry "FRA"]
[SourceTitle "EXT 2008"]
[Source "ChessBase"]
[SourceDate "2007.11.25"]
[SourceVersion "1"]
[SourceVersionDate "2007.11.25"]
[SourceQuality "1"]

1. e4 e5 2. f4 d5 3. fxe5 Qh4+ 4. g3 Qxe4+ 5. Qe2 Qxh1 6. Qf2 Qe4+ 7. Be2 Qxc2 8. Nc3 c6 9. d4 Bb4 10. Bd2 Bf5 11. g4 Be4 12. Nf3 Bxc3 13. bxc3 Ne7 14. Ng5 0-0 15. e6 Bg6 16. Qe3 f6 17. Nh3 Qe4 18. Nf4 Qxe3 19. Bxe3 Be4 20. Kf2 b5 21. h4 a5 22. Bd2 g5 23. Nh3 h6 24. hxg5 fxg5+ 25. Kg3 a4 26. Nxg5 hxg5 27. Bxg5 Ng6 28. e7 Re8 29. Bf6 Nxe7 30. g5 Nd7 31. Bh5 Nf5+ 32. Kf4 Nxf6 33. gxf6 Nd6 34. Rg1+ Kf8 35. Rg7 Nf5 36. Rh7 Kg8 37. Rc7 Re6 38. Bf7+ Kf8 39. Bxe6 Nh6 40. Kg5 Re8 41. Bd7 Nf7+ 42. Kf4 Rb8 43. Be6 Nd8 44. Bd7 b4 45. cxb4 Rxb4 46. Rc8 Kf7 47. Ke5 Nb7 48. Be8+ Kf8 49. Bg6+ 1-0